000 00828nam a22002537a 4500
999 _c2099
_d2099
003 AR-CdUCM
008 190304b ||||| |||| 00| 0 spa d
040 _aMUNICIPALIDAD PROVINCIAL DEL CUSCO
_cBIBLIOTECA MUNICIPAL DEL CUSCO
041 _hfre
082 _a940 /
_bD55
100 _aDelmas, Claude
_97592
245 _aHistoria de la civilización europea /
260 _aBrcelona :
_bOikos-tau,
_c1970.
300 _a127 páginas ;
_c18 cm.
440 _a¿qué sé?
_n1
_97593
505 _aContenido: Las grandes aventuras medievales -- En el alba de la era industrial -- En la busqueda de un futuro.
650 _aCivilización europea
_97594
650 _aHistoria-Europa
_97595
650 _aHumanismo
_92496
650 _aCapitalismo
_93221
700 _aCid, Felipe
_97596
942 _2ddc
_cLIBROS
945 _azta